000 00419nam a22001697a 4500
008 170818b xxu||||| |||| 00| p tur d
020 _a9754188572
041 _atur
050 _aPL248.A542
100 _9415
_aSabri Altınel
245 _aIssız Çığlık
250 _a1.Basım
260 _aİstanbul
_bAdam Yayınları
_cNisan 2005
300 _a192 Sayfa
650 0 _9145
_aTürk Edebiyatı
942 _2lcc
_cBK
999 _c1290
_d1268